Chemical communication (Record no. 23462)

MARC details
000 -LEADER
fixed length control field 00302nam a2200121Ia 4500
082 ## - DEWEY DECIMAL CLASSIFICATION NUMBER
Classification number 612.4
Item number EBL
100 ## - MAIN ENTRY--AUTHOR NAME
Personal name Ebling, John
245 #0 - TITLE STATEMENT
Title Chemical communication
260 ## - PUBLICATION, DISTRIBUTION, ETC. (IMPRINT)
Place of publication London
Name of publisher Edward Arnold
Year of publication 1971
700 ## - ADDED ENTRY--PERSONAL NAME
Personal name Highnam, Kenneth C
942 ## - ADDED ENTRY ELEMENTS (KOHA)
Koha item type Books
Holdings
Withdrawn status Lost status Damaged status Not for loan Home library Current library Date acquired Cost, normal purchase price Full call number Accession Number Koha item type
        RRII Library RRII Library 16/12/2021 0.38 612.4 EBL 04160 Books